|
|
|
|
| LEADER |
01074nam a2200301 a 4500 |
| 001 |
7679 |
| 003 |
BD-DhAAL |
| 005 |
20151116141033.0 |
| 008 |
151116s1990 nyu 000 1 eng |
| 010 |
|
|
|a 89046568
|
| 020 |
|
|
|a 0586068996
|
| 020 |
|
|
|a 0060391189 (cloth) :
|c $19.95
|
| 040 |
|
|
|a DLC
|c DLC
|d NIC
|d BD-DhAAL
|
| 050 |
0 |
0 |
|a PR6054.E37
|b S69 1990
|
| 082 |
0 |
0 |
|a 823/.914
|2 20
|
| 100 |
1 |
|
|a Deighton, Len,
|d 1929-
|9 12865
|
| 245 |
1 |
0 |
|a Spy sinker /
|c Len Deighton.
|
| 250 |
|
|
|a 1st ed.
|
| 260 |
|
|
|a New York, NY :
|a London :
|b HarperCollins,
|b Grafton Books,
|c c1990.
|
| 300 |
|
|
|a 387 p. ;
|c 18 cm.
|
| 500 |
|
|
|a "A Cornelia and Michael Bessie book."
|
| 541 |
|
|
|e 7679
|
| 650 |
|
|
|a Samson, Bernard (Fictitious character)
|v Fiction
|9 16237
|
| 650 |
|
|
|a Intelligence service
|v Fiction
|z Great Britain
|9 16238
|
| 650 |
|
|
|a Intelligence service.
|v
|9 16239
|
| 942 |
|
|
|2 ddc
|c BK
|
| 999 |
|
|
|c 36174
|d 36174
|
| 952 |
|
|
|0 0
|1 0
|2 ddc
|4 0
|6 823_000000000000000__914_DEI
|7 0
|9 56885
|a SCL
|b SCL
|c GEN
|d 2015-11-16
|e Gift:
|l 3
|m 7
|o 823.914 DEI
|p 3020007679
|r 2019-04-10
|s 2019-01-28
|t 1
|w 2015-11-16
|y BK
|